MDQL
is popping MORE tags! Check the
thread
!
Quizzes
Events
Quiz Creation
Community
Videos
Private Events
Remove Ads
Sign In
Join for FREE
Feedback
Dark Mode
Quiz Categories
Sports
Geography
Music
Movies
Television
Just For Fun
Miscellaneous
History
Literature
Language
Science
Gaming
Entertainment
Religion
Holiday
For Kids
Quiz Lab
Recent
Popular Today
Quiz Kudos Today
Editor Picks
Curator Picks
Quizzes by...
Day
Popularity
Type
Ratings
Length
Year
Community
Subscriptions
Recent Discussions
Orange Saloon
Badges
Playlists
Quests
Create
Leaderboards
Showdown
Live 5
Trivia Bingo
Activity
Puzzle Library
Sporcle Events
Private Events
Virtual Trivia
Globe League
Become a Host
Pub Owners
SporcleCon
Opinionation
Our Games
Videos
Blog
Mobile Apps
Partnerships
Remove Ads and Go Orange
Feedback
Geography
Country
Landmarks
City
State
Population
World
Capital
Continent
Flags
Europe
Africa
Asia
South America
North America
Oceania
Border
Canada
United Kingdom
Topography
United States
Geography
Country
Landmarks
City
State
Population
World
Capital
Continent
Flags
Europe
Africa
Asia
South America
North America
Oceania
Border
Canada
United Kingdom
Topography
United States
Random Quiz
Search Sporcle
×
Quiz Lab
Quiz Lab
Geography
United States
Type in answers that appear in a list
Type in answers that appear in a list
Classic
Best Score? Go Orange.
States Backwards Stats
Can you name the United States in order that they entered the Union backwards ?
By
ralphieboy
10m
50 Questions
84 Plays
84 Plays
84 Plays
Comments
Comments
Give Quiz Kudos
Give Quiz Kudos
-
- Ratings
hide this ad
More Info
Forced Order
Answers have to be entered in order
Answers have to be entered in order
Replay
Link that replays current quiz
Next Quiz
Link to next quiz in quiz playlist
You Got
0%
They Got
Avg Score
63%
Avg Friend Score
Upgrade to see
Score Distribution
Jump to the score distribution portion of the page
Score
0/50
Timer
10:00
0
Plays Today
Year Annexed
State
% Correct
1959
Hawaii
97.6%
1959
Alaska
96.4%
1912
Arizona
90.5%
1912
New Mexico
88.1%
1907
Oklahoma
78.6%
1890
Wyoming
71.4%
1896
Utah
70.2%
1889
Washington
70.2%
1890
Idaho
69%
1889
Montana
69%
1889
South Dakota
67.9%
1845
Texas
66.7%
1889
North Dakota
65.5%
1876
Colorado
65.5%
1867
Nebraska
64.3%
1850
California
63.1%
1819
Alabama
63.1%
1787
Delaware
63.1%
1863
West Virginia
61.9%
1861
Kansas
61.9%
1836
Arkansas
60.7%
1803
Ohio
60.7%
1787
New Jersey
60.7%
1820
Maine
59.5%
1818
Illinois
59.5%
Year Annexed
State
% Correct
1812
Louisiana
59.5%
1796
Tennessee
59.5%
1792
Kentucky
59.5%
1790
Rhode Island
59.5%
1789
North Carolina
59.5%
1787
Pennsylvania
59.5%
1864
Nevada
58.3%
1859
Oregon
58.3%
1858
Minnesota
58.3%
1846
Iowa
58.3%
1817
Mississippi
58.3%
1791
Vermont
58.3%
1788
New York
58.3%
1788
Virginia
58.3%
1788
New Hampshire
58.3%
1848
Wisconsin
57.1%
1821
Missouri
57.1%
1788
Georgia
57.1%
1845
Florida
56%
1837
Michigan
56%
1816
Indiana
56%
1788
South Carolina
56%
1788
Massachusetts
56%
1788
Maryland
54.8%
1788
Connecticut
54.8%
Quiz Playlist
Details
Report
Send in Message
Add To Playlist
More Info:
Starting from 1959, can you name the backwards order of when all 50 states entered the Union?
Classic:
Type in answers that appear in a list
Forced Order:
Answers have to be entered in order
Last Updated: Feb 16, 2017
Quiz Scoreboard
CHALLENGE
Sign Up to Join the Scoreboard
Show All
Scores
Hide
Comments
May contain spoilers
Recently Published
Find the 'City' Movie
by crazypaving
Movies
60s
5x2 Blitz: Bands
by SL_Kpop136
Music
30s
Colored Red Africa Blitz
by spor1
Geography
30s
More to Explore
Quiz From the Vault
Featured Blog Post
14 Easter Pick-up Lines to Find Eggs With
hide this ad
You Might Also Like...
Tags
State Quiz
United States Quiz
1776
1959
California
florida
illinois
New York
Texas
union
Today's Top Quizzes in Geography
Browse Geography
hide this ad
Today's Top Quizzes in United States
Browse United States
Top Contributed Quizzes in Geography
1
Colored Red Europe Blitz I
2
Countries of the World - No Outlines Minefield
3
Colored Red Africa Blitz II
4
Colored Red Europe Blitz II
5
Colored Red Europe Blitz III
6
Colored Red Africa Blitz III
7
Colored Red States Blitz I
8
Colored Red States Blitz II
9
Lietuvos savivaldybės (Lithuanian Municipalities)
10
A Different View: World Oceans
Explore More
Trending Topics
Disney
NBA
Anime
Harry Potter
Kpop
Crossword
Marvel
Pokémon
WWE
Country
Song
The Office
Puzzle
NFL
Soccer
hide this ad
More By:
ralphieboy
Quiz
Plays
Rating
Category
Featured
Created
Honeymooners Characters
9,669
4.60
Television
Aug 16, 2011
Ultimate Zelda Wind Waker Quiz
1,677
4.29
Gaming
Jul 25, 2011
Billboard's Top 100 Artists 2001-2010
856
4.43
Music
Sep 19, 2011
Most Extreme Roller Coasters
710
2.33
Miscellaneous
Jul 26, 2011
Crayola Crayon Colors in a 48 Box
601
5.00
Miscellaneous
Jul 26, 2011
Go to Creator's Profile
Score Distribution
Quiz Creator Spotlight
ralphieboy
Follow
Send a Message
Quizzes Created
-
Created Quiz Play Count
-
More By This Creator
Popular Quizzes Today
1
Colored Red Africa Blitz
2
Find the 'City' Movie
3
Find the US States - No Outlines Minefield
4
5x2 Blitz: Bands
5
The Countries of the World
6
Find the US States
7
US States
8
Find the Countries of Europe - No Outlines Minefield
More Geography Quizzes
Colored Red Africa Blitz
Published
Trending Quizzes
Colored Red Europe Blitz I
Colored Red Europe Blitz II
Colored Red Africa Blitz II
Colored Red Europe Blitz III
Colored Red Africa Blitz III
Recently Updated
How Do You Spell That?
pecheneg
Godzilla Movies
pecheneg
Grab Bag: 4-10 Letters
pecheneg
2024 March Madness Bracket
pecheneg
Famous TV Couples
Peacemaker
Champions League XIs: Real Madrid
pecheneg
Largest US Cities 1790-2010
pecheneg
Rides in Walt Disney World
pecheneg
Most Oscar Losses (Acting)
pecheneg
Beyoncé Albums
pecheneg
Trending Topics
Kpop
Harry Potter
Disney
Marvel
Crossword
NBA
Anime
Pokémon
Puzzle
Country
WWE
NFL
The Office
Soccer
Song
Your Account Isn't Verified!
In order to create a playlist on Sporcle, you need to verify the email address you used during registration. Go to your
Sporcle Settings
to finish the process.
Report this User
Report this user for behavior that violates our
Community Guidelines
.
Details:
Send Report
Go to the Sporcle.com Mobile Site →
Comments